000 00592nam a2200229Ia 4500
003 OSt
005 20220924122035.0
006 a|||||r|||| 00| 0
007 ta
008 220923b |||||||| |||| 00| 0 urd d
024 _a310928
037 _cTextual
040 _aARTS
_cARTS
_burd
041 _2urd
_aurd
082 _aO168,1x, D0.1
100 _aDehalvi Sooraj Narayan
_9188040
245 0 _aGuldasta-e-nazm
260 _aLahore
_c1900
650 _aURDU LITERATURE
942 _hO168,1x, D0.1
_cTEXL
_2CC
999 _c409958
_d409958